Избранные хоры (Запись № 9719564)

Подробности
000 -МАРКЕР
контрольное поле 03045ncm0a2200421 4500
001 - ИДЕНТИФИКАТОР ЗАПИСИ
контрольное поле RU\NLR\ONIZ\195660
005 - ИДЕНТИФИКАТОР ВЕРСИИ
контрольное поле 20250614044318.0
035 ## - ДРУГИЕ СИСТЕМНЫЕ НОМЕРА
Идентификатор записи (NLR Aleph) 010403637
071 20 - ИЗДАТЕЛЬСКИЙ НОМЕР
Номер, присвоенный агентством 1315
100 ## - ДАННЫЕ ОБЩЕЙ ОБРАБОТКИ
Данные общей обработки 20120525d1972 |||y0rusy50 ca
101 0# - ЯЗЫК РЕСУРСА
Язык текста, звукозаписи и т.д. русский
102 ## - СТРАНА ПУБЛИКАЦИИ ИЛИ ПРОИЗВОДСТВА
Страна публикации Российская Федерация
125 ## - ПОЛЕ КОДИРОВАННЫХ ДАННЫХ: ЗВУКОЗАПИСИ И НОТНЫЕ ИЗДАНИЯ
Форма изложения нотного текста dx
135 ## - ПОЛЕ КОДИРОВАННЫХ ДАННЫХ: ЭЛЕКТРОННЫЕ РЕСУРСЫ
Кодированные данные для электронного ресурса crmn mmmapada
145 0# - ПОЛЕ КОДИРОВАННЫХ ДАННЫХ: СРЕДСТВО ИСПОЛНЕНИЯ МУЗЫКАЛЬНОГО ПРОИЗВЕДЕНИЯ (УСТАРЕВШЕЕ)
Тип средства исполнения a
200 1# - ЗАГЛАВИЕ И СВЕДЕНИЯ ОБ ОТВЕТСТВЕННОСТИ
Основное заглавие Избранные хоры
Общее обозначение материала Ноты
Сведения, относящиеся к заглавию без сопровожд.
205 ## - СВЕДЕНИЯ ОБ ИЗДАНИИ
Сведения об издании 2-е изд.
210 ## - ПУБЛИКАЦИЯ, РАСПРОСТРАНЕНИЕ И ДР.
Место издания, распространения и т.д. Ленинград
Имя издателя, распространителя и т. д. Музыка
Дата издания, распространения и т.д. 1972
215 ## - ФИЗИЧЕСКАЯ ХАРАКТЕРИСТИКА
Специфическое обозначение материала и объем 135 с.
Размеры 29 см
313 ## - ПРИМЕЧАНИЯ, ОТНОСЯЩИЕСЯ К ТЕМАТИЧЕСКОМУ ДОСТУПУ
Текст примечания Систематизация документа проведена по изданию - Методика классифицирования музыкальных произведений (нотных изданий) по таблицам Библиотечно-библиографических классификаций : метод. рекомендации / Гос. б-ка СССР им. В.И. Ленина.- М., 1977. Индексу ББК методических рекомендаций присваивается код ББК для научных библиотек - LBC/SL
325 ## - ПРИМЕЧАНИЕ О КОПИИ
Текст примечания Копия доступна в Электрон. б-ке РНБ http://vivaldi.nlr.ru/bn000010457/view
464 #0 - АНАЛИТИЧЕСКИЙ УРОВЕНЬ
Встроенное поле 2001#$aСосна$e"На севере диком стоит одиноко..."$fсл. М. Лермонтова
-- 215##$aС.11-12
-- 686##$aЩ941.1-0-043.3(28)$vLBC/SL$2rubbk
-- 702#1$9z01790$aЛермонтов$bМ. Ю.$gМихаил Юрьевич$f1814-1841$4520$7ca
-- 790#1$9z01702$aLermontov$bM. Yu.$gMikhail Yur`evich$f1814-1841$4520$7ba
Заглавие Сосна
464 #0 - АНАЛИТИЧЕСКИЙ УРОВЕНЬ
Встроенное поле 2001#$aСеренада$e"Тихо вечер догорает..."$fсл. А. Фета
-- 215##$aС.13-14
-- 686##$aЩ941.1-0-043.3(28)$vLBC/SL$2rubbk
-- 702#1$9z01790$aФет$bА. А.$gАфанасий Афанасьевич$f1820-1892$4520$7ca
-- 790#1$9z01702$aFet$bA. A.$gAfanasij Afanas`evič$f1820-1892$4520$7ba
Заглавие Серенада
464 #0 - АНАЛИТИЧЕСКИЙ УРОВЕНЬ
Встроенное поле 2001#$aВенеция ночью$e"Всплески волн сверкают ярко..."$fсл. А. Фета
-- 215##$aС.15-16
-- 686##$aЩ941.1-0-043.3(28)$vLBC/SL$2rubbk
-- 702#1$9z01790$aФет$bА. А.$gАфанасий Афанасьевич$f1820-1892$4520$7ca
-- 790#1$9z01702$aFet$bA. A.$gAfanasij Afanas`evič$f1820-1892$4520$7ba
Заглавие Венеция ночью
686 ## - ИНДЕКСЫ ДРУГИХ КЛАССИФИКАЦИЙ
Индекс Щ 941.1-0 я43(28)
Издание LBC/SL
Код системы
700 #1 - ИМЯ ЛИЦА - ПЕРВИЧНАЯ ОТВЕТСТВЕННОСТЬ
Системный номер авторитетной/нормативной записи z01790
Начальный элемент ввода Танеев
Часть имени, кроме начального элемента ввода С.И.
Даты 1856-1915
Расширение инициалов личного имени Сергей Иванович
Код отношения Композитор
Графика поля Кириллица
790 #1 - ИМЯ ЛИЦА - АЛЬТЕРНАТИВНАЯ ФОРМА
Системный номер авторитетной/нормативной записи z01700
Начальный элемент ввода Taneev
Часть имени, кроме начального элемента ввода S. I.
Даты 1856-1915
Расширение инициалов личного имени Sergej Ivanovich
Код отношения Композитор
Графика поля Латинская
801 #0 - ИСТОЧНИК ЗАПИСИ
Страна Российская Федерация
Организация NLR
Дата составления 20120525
Правила каталогизации PSBO
801 #1 - ИСТОЧНИК ЗАПИСИ
Страна Российская Федерация
Организация NLR
Дата составления 20120525
Источник данных rusmarc
801 #2 - ИСТОЧНИК ЗАПИСИ
Страна Российская Федерация
Организация NLR
Дата составления 20151106
852 ## - МЕСТОНАХОЖДЕНИЕ И ШИФР ХРАНЕНИЯ
Идентификатор организации NLR
Наименование фонда или коллекции (Sub-Location Identifier) М
Шифр хранения (Call Number) М 260-3/Т.181
Страна
Номер экземпляра 1
942 ## - ДОПОЛНИТЕЛЬНЫЕ ЭЛЕМЕНТЫ ЗАПИСИ (АБИС)
Тип экземпляра АБИС Ноты
980 ## - КОЛЛЕКЦИЯ
Название коллекции Национальная библиография
980 ## - КОЛЛЕКЦИЯ
Название коллекции Отдел нот и звукозаписей
981 24 - КОЛЛЕКЦИЯ ЭЛЕКТРОННОЙ БИБЛИОТЕКИ
Название коллекции Нотные издания и аудиозаписи
Название подколлекции Хоровая музыка. Репертуар любительского хора.
Экземпляры
Тип экземпляра Дата поступления Библиотека постоянного хранения Библиотека текущего хранения Место хранения Шифр хранения Статус экземпляра
Ноты 25.05.2012 РНБ (Московский) РНБ (Московский) Фонд нот и звукозаписей М 260-3/Т.181 М 260-3/Т.181